000
00297nam a22001337a 4500
008
170529b xxu||||| |||| 00| 0 eng d
020
_a
380091171-X
041
_a
ger
080
_a
621
100
_a
27
101
_a
IM
245
_a
GRUNDLAGEN DER ELEKTROTECHNIK
_c
MULLER, V.W
942
_2
udc
_c
BK
999
_c
14711
_d
14711